Undertale Bosses QUIZ - Statistics

General Stats
  • This quiz has been taken 215 times
  • The average score is 10 of 10
Answer Stats
Hint Answer % Correct
The KING of theunderground Asgore
98%
The last boss of a neutral route, is a yellow flower. OMEGA (Photoshop)Flowey
98%
The last boss of the Genocide Route and is the hardest boss Sans
98%
A member of the royalguard, is a fish Undyne
98%
The star of the underground Mettaton EX
97%
The boss of SNOWDIN,likes spagetti and wants to be a royal guard Papyrus
97%
The first boss youmeet in the RUINS Toriel
97%
The last boss of truepacifist, the dead son of Asgore and Toriel Asriel
96%
The herione you fight inthe end of WATERFALL Undyne the Undying
89%
The robot that you fightat the end of CORE Mettaton NEO
83%
No matching quizzes found
Score Distribution
Percent of People with Each Score
Percentile by Number Answered
Your Score History
You have not taken this quiz